00334nam a2200121 4500082000800000100001400008245004000022260002800062300001200090942000700102999001500109952008800124 aMIC aMicrosoft aMicrosoft Excel Function and Macros aUSA:bMicrosoft,c1993. a317p. ; cBK c9288d9288 00104070aQUESTCLbSTd2014-08-28g475.00l0oMICp18998r2014-08-28 00:00:00yBK